[Event "Tilburg Fontys"]
[Site "Tilburg"]
[Date "1996.10.11"]
[Round "1"]
[White "Almasi, Zoltan"]
[Black "Karpov, Anatoly"]
[Result "1-0"]
[WhiteElo "2655"]
[BlackElo "2775"]
[Annotator "Gutman,L"]
[PlyCount "105"]
[EventDate "1996.10.11"]
[EventType "tourn"]
[EventRounds "11"]
[EventCountry "NED"]
[EventCategory "16"]
[SourceTitle "CBM 056"]
[Source "ChessBase"]
[SourceDate "1997.02.01"]
[SourceVersion "1"]
[SourceVersionDate "1997.02.01"]
[SourceQuality "1"]

1. e4 c6 2. d4 d5 3. Nc3 dxe4 4. Nxe4 Nd7 5. Ng5 Ngf6 6. Bd3 e6 7. N1f3 Bd6 8.
Qe2 (8. O-O h6 9. Ne4 Nxe4 10. Bxe4 O-O 11. c3 c5 (11... e5 12. Bc2 Re8 13. Re1
exd4 14. Rxe8+ Qxe8 15. Qxd4 Qe7 16. Bf4 Bxf4 17. Qxf4 Nf8 18. Re1 Be6 19. Nd4
{Kasparov,G-Karpov,A/Amsterdam Optiebeurs 1988/1-0 (62)}) 12. Bc2 Qc7 13. Re1
Rd8 {Kamsky,G-Karpov,A/Tilburg 1991/1/2-1/2 (48)}) 8... h6 9. Ne4 (9. Nxe6 $2
fxe6 10. Bg6+ Ke7 11. O-O Nf8 12. Bd3 Bd7 13. Ne5 Qe8 14. f4 Kd8 15. c4 Kc7 $17
{Arnason-Ostenstad/Torshavn/1987/}) 9... Nxe4 10. Qxe4 c5 $6 (10... Qc7 $5 11.
Qg4 Kf8 12. O-O c5 13. b3 e5 14. dxc5 Nxc5 15. Bf5 $1 h5 16. Qh3 Ne6 $14 {
Gelfand-Speelman/Munich/1992/}) (10... Nf6 $1 11. Qe2 $142 (11. Qh4 $6 Ke7 $3
$146 {/\12...g7-g5 13.Qh3 e5(g4) -+} 12. Ne5 (12. Nd2 $5 g5 13. Qh3) 12... Bxe5
13. dxe5 Qa5+ {0-1 Kamsky,G-Karpov,A/Dortmund 1993 (49)} 14. c3 Qxe5+) 11...
Qc7 (11... Qb6 12. O-O O-O (12... Bd7 $5 {/\0-0-0}) 13. c3 c5 14. dxc5 Qxc5 (
14... Bxc5 15. b4 $5 Be7 16. Be3 Qc7 17. Bd4 $14 {()}) 15. Be3 Qh5 16. Bd4 Nd5
17. g3 Ne7 18. Rad1 Nc6 19. Qe4 f5 20. Qe3 e5 $6 (20... Bc7 $142 $14) (20...
Nxd4 $2 21. Nxd4 Qf7 22. Bc4 $18 {><e6,/^a2-g8}) 21. Bxa7 $1 {1-0 Almasi,
Z-Kallai,G/HUN-ch 1992 (33)}) (11... b6 12. Ne5 $142 $5 Qc7 13. f4) 12. Bd2 b6
(12... O-O 13. O-O-O c5 14. g4 $5 Nd5 15. g5 $1 Nf4 16. Bxf4 Bxf4+ 17. Kb1 $40
{Malisauskas-Oll/Vilnius zt/1993/}) (12... Nd5 13. g3 c5 14. c4 Nf6 15. O-O-O
Bd7 16. Bc3 cxd4 17. Nxd4 O-O-O $132 {Tolnai,T-Schwarz,M/Budapest Elekes (07)/
1994/}) 13. Ne5 (13. O-O-O Bb7 14. Kb1 O-O-O 15. Ba6 b5 (15... Rd7 16. Bxb7+
Qxb7 17. Ne5 Bxe5 18. dxe5 Ng8 19. c4 Ne7 20. Be3 Rhd8 $14 {
Thorsteinsson-Kamsky/Reykjavik/1990/}) 16. Bxb7+ Kxb7 17. c4 bxc4 18. Rc1 Rb8
19. Rxc4 Ka8 20. Rhc1 Rhc8 21. Ne5 Bxe5 22. Qxe5 Qd7 23. f3 Rb6 24. Ba5 $14 {
Chandler-Speelman/Hastings/1988/}) 13... c5 14. Bb5+ Ke7 15. c3 Bb7 16. O-O
Rhd8 (16... Rac8 {Blatny,P צh8}) 17. f4 Ne4 (17... cxd4 18. cxd4 Qc2 $1 $13)
18. Be3 Kf8 (18... Rac8 $13 {Blatny,P}) 19. Rae1 $14 {1-0 Kamsky,G-Anand,V/Dos
Hermanas 1996 (35)}) 11. Bd2 Qc7 (11... Nf6 12. Bb5+ $1 Bd7 13. Qxb7 Rb8 14.
Bxd7+ Nxd7 15. Qa6 $1 Rb6 16. Qa4 Rxb2 17. dxc5 Bxc5 18. Bc3 Rb7 19. Qg4 Bf8
20. O-O $14 {Psakhis - Meduna/Trnava/1988/}) 12. O-O (12. Qg4 $2 Kf8 13. O-O (
13. Qe4 c4 14. Bf1 Rb8 15. a4 b6 16. Qe2 Ba6 17. g3 Bb7 18. Bg2 Bd5 19. O-O g6
20. Nh4 Nf6 21. c3 Kg7 22. Bxd5 exd5 23. Rae1 Rhe8 24. Qd1 Qd7 25. Ng2 Rxe1 {
1/2-1/2 Ehlvest,J-Gulko,B/Novgorod 1995}) 13... c4 14. Be2 b5 15. a4 b4 $15)
12... c4 13. Be2 Nf6 14. Qh4 Bd7 (14... Rh7 $6 {/\g7-g5} 15. d5 $1) 15. Ne5 $1
Bxe5 16. dxe5 Qxe5 17. Bf3 {Das weiße Läuferpaar verspricht mehr als
ausreichende Kompensation.} O-O $6 {Eine überraschende Entscheidung. Der
Nachziehende plant ein Qualitätsopfer, welches aber keine ausreichende
Kompensation bietet.} (17... Bc6 $142 18. Bxc6+ bxc6 19. Bc3 Qf5 20. Qxc4 O-O
21. Bxf6 Qxf6 22. b3 Rac8 23. Rad1 Rfd8 24. Rxd8+ $14 {Almasi,Z-Kallai,T/
HUN-ch/1996/}) 18. Bxb7 Rab8 (18... Rad8 19. Bc3 $16) 19. Bf4 (19. Bc3 $5 {
Ist interessant.} Qf5 20. Bf3 Rfc8 21. Rad1 Ba4 $5 22. Rd2 Bxc2 23. Bxf6 gxf6
24. Bg4 $36) 19... Qb5 20. Bxb8 Rxb8 21. Bf3 Qxb2 22. Qf4 $1 e5 23. Qe3 a5 24.
h3 (24. c3 $5 e4 25. Bxe4 Re8 26. f3 Bc6 27. Qa7 Bxe4 28. fxe4 Qxc3 29. Rab1
$16 {/\Rb1-b7}) 24... Re8 25. Be2 (25. c3 $5 e4 26. Rfb1 Qc2 27. Bd1 Qd3 28.
Rb7 {Mit weißem Druckspiel.}) 25... Be6 26. Qc1 c3 27. Rb1 $5 {Setzt auf die
aktive Zusammenarbeit der weißen Figuren.} (27. a3 $5) 27... Qxa2 28. Ra1 Qd5
29. Qe3 e4 30. Ra3 (30. Rfd1 $5) 30... Qf5 31. Qxc3 Rc8 32. Qd2 $5 {Hält den
Pc2.} (32. Qxa5 $5 Qxa5 33. Rxa5 Rxc2 34. Ra8+ Kh7 35. Re1 {Auch jetzt hat es
Schwarz nicht leicht.}) 32... Rc5 33. Rfa1 Rd5 34. Qe1 Qg6 35. Rg3 (35. c4 $5
Rg5 36. Bf1 {Müßte ebenfalls zum Sieg reichen.}) 35... Qf5 36. Bc4 Rc5 37. Bxe6
Qxe6 38. Qd2 Nh5 39. Rb3 (39. Rga3 $142 $1) 39... Qe5 40. Rba3 Qc7 (40... Nf4
$142 {Verspricht mehr Aussicht auf Rettung. z.B.} 41. Qe3 $5 Rxc2 42. Rxa5 Ne2+
43. Kh1 Qd4 44. Qxd4 Nxd4) 41. R1a2 Rb5 42. Qe1 Qb7 43. Ra1 Nf4 44. Qe3 Ne6 45.
Rb3 Rxb3 46. cxb3 $18 Qd5 47. Qc3 Nf4 48. Qxa5 Ne2+ 49. Kh1 Qd4 50. Re1 Nc3 51.
Rc1 Nd5 52. Rc8+ Kh7 53. Rd8 1-0

[Event "Groningen PCA"]
[Site "Groningen"]
[Date "1993.??.??"]
[Round "3"]
[White "Georgiev, Kiril"]
[Black "Adams, Michael"]
[Result "0-1"]
[WhiteElo "2660"]
[BlackElo "2630"]
[Annotator "Kharitonov,A"]
[PlyCount "58"]
[EventDate "1993.12.??"]
[EventType "swiss"]
[EventRounds "11"]
[EventCountry "NED"]
[SourceTitle "CBM 039"]
[Source "ChessBase"]
[SourceDate "1994.04.01"]
[SourceVersion "1"]
[SourceVersionDate "1994.04.01"]
[SourceQuality "1"]

1. e4 {Ftacnik Blatny,P} c6 2. d4 d5 3. Nc3 dxe4 4. Nxe4 Nd7 5. Bc4 Ngf6 6. Ng5
e6 7. Qe2 Nb6 8. Bd3 h6 9. N5f3 c5 10. dxc5 Bxc5 11. Bd2 O-O $5 $146 (11... Qc7
12. O-O-O Bd7 13. Ne5 Rc8 $13) (11... Nbd7 12. O-O-O Qc7 13. Nh3 g5 (13... a6
$5) 14. Ne1 Qe5 $5 15. Qf1 Ne4 16. Bxe4 Qxe4 17. Nd3 {/\f4+/= Rodriguez}) 12.
O-O-O Na4 $5 {/\Qb6/} (12... Qc7 {Blatny,P Ftacnik}) 13. Bb5 Bd7 14. Bxd7 (14.
Bxa4 $2 Bxa4 15. Bxh6 (15. Qc4 b5 $1 16. Qxc5 Rc8 17. Qd4 Bxc2 $40) 15... Nd5 (
15... Qb6 {Blatny,P} 16. Be3 Bb5 17. Qd2 Ne4 $40) (15... Qc7 $5 16. Bg5 Nd5 {
/\Rac8,Nb4->}) (15... Qc7 {Ftacnik}) 16. Bg5 Qb6 17. Nh3 Rac8 $40) (14. Ne5 $5
Bxb5 15. Qxb5 Qe8 16. Qxe8 Rfxe8 17. Nd3 $10) (14. Bxh6 {Ftacnik} Nxb2 $1 15.
Rxd7 Nxd7 16. Bg5 Qa5 17. Bxd7 Qxa2 $40) 14... Qxd7 $1 15. Nh3 $6 (15. Bxh6 Qc7
(15... Qe7 $1 {Blatny,P} 16. Bg5 Ba3 $3 17. Bxf6 (17. bxa3 Qxa3+ 18. Kd2 Qb4+
19. Kc1 Nc3 {/\ Na2#}) 17... Qxf6 18. bxa3 Qa1+ 19. Kd2 Qc3+ 20. Kc1 Qxa3+ 21.
Kd2 Rfd8+ 22. Ke1 Nc3 23. Rxd8+ Rxd8 24. Qd2 $8 Rxd2 25. Kxd2 Ne4+ $19) (15...
Qc6 {Ftacnik} 16. Be3 Qb6 17. c3 Bxe3+ 18. fxe3 Rac8 $40) 16. Bg5 (16. Bd2 Qb6
17. b3 Ba3+ 18. Kb1 Nd5 19. Qe1 Rac8 $36) 16... Qb6 $44) (15. Ne5 $5 Qc7 (15...
Qd4 16. Nd3 Ba3 $2 17. c3 Nxc3 18. Bxc3 Qxc3+ 19. Kb1) 16. Nd3) 15... Rac8 $5 (
15... Qc6 $5) 16. Kb1 $2 (16. Bxh6 Qc7 $44 (16... Qe7 {Blatny,P /\Ba3->}))
16... Qc6 17. Bc1 (17. Rc1 $2 Ba3 $1 18. bxa3 Qb6+ 19. Bb4 Nc3+ $19) (17. Be1
$5) 17... Nd5 $17 18. Qc4 (18. Rd3 Qa6 19. Re1 Nb4 $1 (19... Bb4 20. Bd2 Nxb2
$2 21. Rxd5 $1) 20. Ra3 (20. Rb3 Nc3+) 20... Nxc2 $1 21. Rxa4 Qxa4 22. Qxc2
Qxc2+ 23. Kxc2 Bxf2+ 24. Kd1 Bxe1 25. Nxe1 Rfd8+ $17) 18... Rfd8 (18... b5 $1 {
Ftacnik}) 19. Ka1 b5 20. Qe4 (20. Qb3 $142 {Blatny,P} Bb6 $40) 20... Be7 (20...
b4 $5) 21. c3 (21. Rd2 Qa6 {/\ Nac3}) 21... Qa6 $1 22. Ne5 Bf6 23. Ng4 $2 (23.
f4 $8) (23. Rhe1 {Blatny,P} Nc5 24. Qc2 b4 $40) 23... Naxc3 $1 $19 (23... Bxc3
$5 {Blatny,P} 24. bxc3 (24. Qf3 Nxb2 $1 25. Bxb2 Bxb2+ 26. Kxb2 Rc2+ 27. Kxc2
Qxa2+ 28. Kd3 Qc4+ 29. Kd2 Nb4+ $19) 24... Naxc3 25. Qc2 Nxd1 26. Qxd1 Qxa2+
27. Kxa2 Nc3+ 28. Kb3 Nxd1 $19) 24. bxc3 (24. Nxf6+ {Blatny,P} Nxf6 $19) 24...
Bxc3+ 25. Bb2 (25. Kb1 Rc4 26. Qe2 Rb4+ $19) 25... Rc4 (25... f5 {Blatny,P} 26.
Nxh6+ gxh6 27. Qh4) 26. Qf3 (26. Qe2 Bxb2+ 27. Kxb2 (27. Qxb2 Rxg4) 27... Rdc8
$19) 26... Bxb2+ 27. Kxb2 Rc2+ $1 28. Kxc2 Qxa2+ 29. Kd3 (29. Kc1 Rc8+) 29...
Qc4+ (29... Qc4+ 30. Kd2 Nb4+ 31. Ke3 (31. Ke1 Nc2#) 31... Nc2#) 0-1

[Event "Linares 12th"]
[Site "Linares"]
[Date "1994.??.??"]
[Round "7"]
[White "Kasparov, Garry"]
[Black "Karpov, Anatoly"]
[Result "1/2-1/2"]
[WhiteElo "2800"]
[BlackElo "2740"]
[Annotator "Kharitonov,A"]
[PlyCount "81"]
[EventDate "1994.02.??"]
[EventType "tourn"]
[EventRounds "13"]
[EventCountry "ESP"]
[EventCategory "18"]
[SourceTitle "CBM 040"]
[Source "ChessBase"]
[SourceDate "1994.06.01"]
[SourceVersion "1"]
[SourceVersionDate "1994.06.01"]
[SourceQuality "1"]

1. e4 {Blatny,P} c6 2. d4 d5 3. Nd2 dxe4 4. Nxe4 Nd7 5. Bc4 Ngf6 6. Ng5 e6 7.
Qe2 Nb6 8. Bb3 h6 9. N5f3 a5 10. c3 (10. a3 a4 11. Ba2 c5 12. Be3 Nbd5 13. Ne5
(13. c3 Qc7 14. Ne5 Bd6 15. Ngf3 O-O $10 {Karpov,A-Kavalek,L/Torino/1982/0,5 
(55) Inf 33/187/}) 13... Qa5+ 14. Bd2 Qb6 15. Nc4 Qa7 $1 $10 {Gurevich,
I-Epishin,V/Biel(izt)/1993/0,5 (58) Inf 58/173/}) 10... c5 (10... a4 11. Bc2
Nbd5 (11... c5 $5) (11... c5 {Blatny,P} 12. dxc5 Bxc5 13. Qb5+ $16) 12. Bd2 Qb6
$1 13. Rb1 (13. O-O-O $6 c5 14. a3 $36) 13... c5 14. dxc5 Bxc5 15. Ne5 O-O 16.
Ngf3 Qc7 17. O-O $14 {Anand,V-Epishin,V/Biel(izt)/1993/0,5 (40)}) 11. a3 Qc7
12. Ne5 (12. Be3 $5) (12. dxc5 {Blatny,P} Bxc5 13. Ne5 Bxf2+ 14. Kxf2 Qxe5 15.
Qxe5 Ng4+ $19) 12... cxd4 13. cxd4 a4 (13... Bxa3 $5 14. Bxh6 $1 (14. Rxa3 {
Blatny,P} Qxc1+ $19) (14. bxa3 Qc3+ 15. Qd2 Qxa1 16. Ngf3 {/\16.Nf3,17.0-0,18.
Bb2} (16. Ne2 Qb1 {/\Qb5} 17. Qe3 Nbd5 18. Qg3 (18. Ba4+ b5) (18. Qf3 Qf5 $19)
18... a4 19. Bxd5 Nxd5 20. Qxg7 Qh7 21. Qg3 Rg8 $19) 16... Ne4 {/\Qc2 -+})
14... Bxb2 15. Qxb2 Rxh6 16. Ngf3 $44) 14. Bc2 Bd7 15. Nxd7 $5 (15. Ngf3 $5 Rc8
16. Bd1 Bd6 17. O-O O-O $13) 15... Nbxd7 16. Qd1 $6 (16. Nf3 Rc8 17. Bd1 (17.
Bxa4 {Blatny,P} Qa5+ $19) 17... Bd6 $10) 16... Bd6 17. Ne2 $6 (17. Nf3 O-O 18.
O-O Nb6 $10) 17... Nd5 18. Bd2 (18. g3 $5) 18... b5 19. Nc3 (19. g3 N7b6 {
/\ Nc4}) 19... Nxc3 20. Bxc3 (20. bxc3 Nb6 $15) 20... Nf6 $15 21. Qd3 Nd5 $1
22. Bd2 (22. Qxb5+ $2 Ke7 23. Qd3 Rhc8 $17) 22... Ke7 23. Rc1 Qc4 $1 24. Ke2 $2
(24. Qxc4 bxc4 25. Bd1 $5 Rhc8 26. O-O Rab8 27. Rc2 {/\Be2,Rfc1=/+/} Rb3 28.
Be2 Rcb8 $10) 24... Rhb8 $2 (24... Bf4 $5) (24... Nf4+ $5 25. Bxf4 Bxf4 26.
Qxc4 (26. Rcd1 Qa2 $5 27. d5 (27. Rb1 Rab8 $17) 27... Rhd8 28. Qxb5 Rab8 29.
Qc5+ Bd6 $17) (26. Rb1 Rhc8 $17) 26... bxc4 27. Rb1 Rhb8 $17) 25. g3 Qxd3+ 26.
Bxd3 b4 27. Ra1 $1 (27. axb4 $2 Bxb4 28. Bxb4+ Rxb4 29. Rc2 Rab8 30. Rb1 a3 $19
) 27... bxa3 28. bxa3 Rb3 29. Bc2 Rxa3 (29... Rb2 30. Rhc1 $10) 30. Rxa3 Bxa3
31. Ra1 Bb2 32. Rxa4 Rxa4 33. Bxa4 Bxd4 34. f4 Kd6 35. Kf3 $10 f5 36. h4 Bb2
37. g4 fxg4+ 38. Kxg4 Nf6+ 39. Kf3 Nd5 40. Bc2 Bf6 41. h5 1/2-1/2

[Event "Linares 18th"]
[Site "Linares"]
[Date "2001.02.25"]
[Round "3"]
[White "Polgar, Judit"]
[Black "Karpov, Anatoly"]
[Result "1/2-1/2"]
[WhiteElo "2676"]
[BlackElo "2679"]
[Annotator "Kostakiev,D"]
[PlyCount "59"]
[EventDate "2001.02.23"]
[EventType "tourn"]
[EventRounds "10"]
[EventCountry "ESP"]
[EventCategory "19"]
[SourceTitle "CBM 082"]
[Source "ChessBase"]
[SourceDate "2001.05.17"]
[SourceVersion "1"]
[SourceVersionDate "2001.05.17"]
[SourceQuality "1"]

{After the rather recent, nice Karpov's book about Caro-Can and his own big
expirience in the line 5.Nf3-g5 the present game is like an opening survey
showing partialy its developement since 1983 so far:} 1. e4 c6 2. d4 d5 3. Nc3
dxe4 4. Nxe4 Nd7 5. Ng5 $5 {Semenova 1983} Ngf6 (5... Ndf6 6. Bc4 Nd5 {0-1
Spassky,B-Karpov,A/Belfort 1988/CBM 08 (22)}) 6. Bd3 e6 (6... h6 7. Ne6 Qb6 8.
Nxf8 Nxf8 {0-1 Semenova,L-Muresan,M/Bad Kissingen 1983/MCD (47)}) 7. N1f3 Bd6 (
7... h6) 8. Qe2 h6 9. Ne4 Nxe4 10. Qxe4 Qc7 {''!?' Speelman,J. ' 'Finkel,A:
'Probably the most precise move.Although 10...Nf6 also leads to absolutely
playable position where nevertheless white's chances should be prefered.''} (
10... Nf6 11. Qe2 Qc7 12. Bd2 b6 {Copar,A-Sapundjiev,G/EM ICCF 14 ol 200/2001})
11. Qg4 (11. a4 Nf6 12. Qh4 {1/2-1/2 Ramesh,R-Galkin,A/Anibal Open, Linares
ESP 2001 (20)}) 11... Kf8 {'Lukacs: 'Karpov's favourite K move.''} 12. O-O c5 {
'Lukacs: 'Soon or later Black has to attack White's [+].''} (12... b6 {has a
similar idea to play c6-c5 after Bb7.} 13. Re1 {Yandemirov-Kharitinov, RUS-Cup
1996 CBM 56} (13. b3 {Arakhamia-Portisch, Cancan Veterans-Women 1996 CBM 67}))
13. dxc5 {'Lukacs: 'The Q is vulnerable on g4.''} (13. Re1 cxd4 {0-1 Finkel,
A-Yevseev,D/Groningen 1995/CBM 50 ext (64)} (13... b6 14. Ne5 $2 (14. b3) (14.
dxc5 Nxc5 15. Bf1 (15. Bd2 h5 $1 16. Qh4 Bb7) 15... e5 16. Qh5 {De Firmian,
N-Gulko,B/USA-ch 1996 (36)}) 14... cxd4 $1 {1/2-1/2 Khalifman,A-Speelman,J/
Hastings 1996/CBM 51/[Speelman,J] (31)})) (13. c3 b6 14. Re1 {'Finkel,A:
'After this move black equalises very easely,but it is not so clear what to do
instead.Black has very unpleasent threat Bb7,Nf6 and B:f3 and white tries to
prevent it.''} (14. Qh4 {After this move black equalises very easely,but it is
not so clear what to do instead.Black has very unpleasent threat Bb7,Nf6 and B:
f3 and white tries to prevent it.} Bb7 15. Be4 Bxe4 16. Qxe4 Rd8 17. dxc5 (17.
Be3 Nf6 18. Qc2 Ke7 19. dxc5 Bxc5 20. Bxc5+ Qxc5 21. Rad1 $11) 17... Nxc5 18.
Qe2 Ke7 $11 19. h3 Rhe8 20. Qc2 {Trying to keep black king in the center.} (20.
Be3 Kf8) 20... Nd3 $1 {1/2-1/2 Illescas Cordoba,M-Karpov,A/Dos Hermanas 1997/
CBM 59/[Finkel,A] (49)}) 14... Bb7 15. h4 Rd8 (15... c4 16. Bc2 b5 17. Bd2 {
1/2-1/2 Anand,V-Karpov,A/Monte Carlo 1998/CBM 63 ext (49)}) 16. Bd2 {1-0
Shirov,A-Karpov,A/Monte Carlo 1998/CBM 63 ext (54)}) (13. Qh4 {Lukacs: 'The Q
is vulnerable on g4.'} b6 14. Be4 Bb7 (14... Rb8 15. Rd1 $1 $146 {0-1
Sadvakasov,D-Karpov,A/Hoogeveen 1999/CBM 74/[Lukacs] (65) White puts pressure
on the d <-> especially against Bd6.} (15. Bg5 {Eismont-Gutov, RUS-Cup 1996
CBM 56}) (15. b3 Nf6 $6 (15... c4 $6) (15... cxd4 $142 $5 {appears to be the
best here.} 16. Nxd4) (15... Be7 16. Qf4 Bd6 {1/2-1/2 Leitao,R-Karpov,A/Buenos
Aires 2000/CBM 80 no vc (19)}) 16. dxc5 $1 {1/2-1/2 Timman,J-Karpov,A/Bali
2000/CBM 77/[Lukacs] (62)} ({If} 16. Bd3 {then Black occupies the long /^ after
} Bb7))) 15. Bxb7 Qxb7 16. dxc5 bxc5 {1-0 Lautier,J-Karpov,A/Monte Carlo 1998/
CBM 63 ext (48)}) 13... Nxc5 14. Be3 $146 (14. Re1 {0-1 Luther,T-Anastasian,A/
Istanbul 2000/EXT 2001 (39)}) 14... Nxd3 15. cxd3 e5 16. Qe4 g6 17. Rac1 Qe7
18. Rfe1 Bf5 19. Qa4 Kg7 20. Nxe5 Bxe5 21. Bf4 Rhc8 22. Rxc8 Rxc8 23. Rxe5 Rc1+
24. Bxc1 Qxe5 $11 {^-} 25. Be3 (25. Qd1 Qd4) 25... f6 26. Qb4 b6 27. h3 g5 28.
Qa3 Qc7 29. b4 Qd7 30. Qc3 1/2-1/2